Score 0/68 Timer 08:00
8 Plays Today
College Nickname % Correct
VillanovaWildcats
94.2%
NorthwesternWildcats
94.2%
ArizonaWildcats
94.2%
Kansas StateWildcats
94.2%
KentuckyWildcats
94.2%
DukeBlue Devils
91.8%
FloridaGators
90.2%
GonzagaBulldogs
90%
Notre DameFighting Irish
89.8%
OregonDucks
89.3%
ButlerBulldogs
88.5%
North CarolinaTar Heels
88.4%
USCTrojans
88.3%
BaylorBears
88.3%
TroyTrojans
88.3%
KansasJayhawks
88.2%
MichiganWolverines
88.1%
WisconsinBadgers
87.9%
Michigan StateSpartans
87.8%
LouisvilleCardinals
87.7%
UCLABruins
86.9%
Florida StateSeminoles
85%
Miami (Fla.)Hurricanes
83.9%
PurdueBoilermakers
83.9%
ArkansasRazorbacks
83.3%
MarylandTerrapins
81.2%
South CarolinaGamecocks
81%
Jacksonville St.Gamecocks
81%
PrincetonTigers
80.3%
Texas SouthernTigers
80.3%
CincinnatiBearcats
79.2%
Mt. St. Mary'sMountaineers
78.8%
West VirginiaMountaineers
78.8%
MinnesotaGolden Gophers
78.7%
College Nickname % Correct
VirginiaCavaliers
78.2%
Oklahoma StateCowboys
77.2%
Virginia TechHokies
73.2%
Iowa StateCyclones
72.3%
DaytonFlyers
70.2%
Wake ForestDemon Deacons
69.8%
Wichita StateShockers
69.7%
SMUMustangs
68.7%
VanderbiltCommodores
64%
Seton HallPirates
63.8%
CreightonBluejays
62.8%
North Carolina CentralEagles
62.6%
Florida Gulf CoastEagles
62.6%
WinthropEagles
62.6%
ProvidenceFriars
60.5%
Rhode IslandRams
55.3%
Virginia CommonwealthRams
55.3%
NevadaWolf Pack
54.7%
BucknellBison
51.1%
MarquetteGolden Eagles
49.6%
XavierMusketeers
47.8%
New Mexico St.Aggies
47.7%
UC DavisAggies
47.7%
IonaGaels
43.9%
St. Mary's (Cal.)Gaels
43.9%
South Dakota St.Jackrabbits
41.9%
VermontCatamounts
40.6%
Kent StateGolden Flashes
34.5%
North DakotaFighting Hawks
34%
Middle Tenn.Blue Raiders
28.8%
UNC WilmingtonSeahawks
26.8%
Northern KentuckyNorse
21.7%
New OrleansPrivateers
19.7%
East Tenn. St.Buccaneers
17.3%
Remove Ads.
Support Sporcle.
Get the best of Sporcle when you Go Orange. This ad-free experience offers more features, more stats, and more fun while also helping to support Sporcle. Thank you for becoming a member.

You're not logged in!

Compare scores with friends on all Sporcle quizzes.
OR
Log In

Show Comments

Extras

Top Quizzes Today


Score Distribution

Your Account Isn't Verified!

In order to create a playlist on Sporcle, you need to verify the email address you used during registration. Go to your Sporcle Settings to finish the process.

Report this User

Report this user for behavior that violates our Community Guidelines.

Details: